000 00761nam a2200241 i 4500
003 DO-SdBNP
005 20241028091623.0
007 ta
008 210928b1970 dr ||||| |||| 00| 0 spa d
040 _aDO-SdBNP
_bspa
_cBNPHU
_erda
082 4 _aBNPHU
_bH519s
_222
100 _4aut.
_aHenríquez, Abad
_945349
_eautor
245 1 3 _aEl suicidio del general Santana /
_cAbad Henriquez
264 1 _aSanto Domingo :
_bImpresora Arte y Cine,
_c1970.
300 _a47 páginas
_c23 cm.
336 _atexto
_btxt
_2rdacontent
337 _asin mediación
_bn
_2rdamedia
338 _avolumen
_bnc
_2rdacarrier
500 _aIncluye referencias bibliográficas y notas al pie de las páginas
590 _aInventariado, 2021/BT
910 _aBtavárez
942 _2ddc
_cLF2
999 _c50675
_d50675